Κατάλογος Βιβλιοθηκών Mediterranean College

Το Παιδί - η Οικογένεια - το Σχολείο / Η Εκπαίδευση Σήμερα - Αύριο (Record no. 4603)

MARC details
000 -LEADER
fixed length control field 02194cam a22001934a 4500
005 - ΗΜΕΡΟΜΗΝΙΑ ΚΑΙ ΩΡΑ ΤΕΛΕΥΤΑΙΑΣ ΕΝΗΜΕΡΩΣΗΣ
Πεδίο ελέγχου 20250605164150.0
008 - FIXED-LENGTH DATA ELEMENTS--GENERAL INFORMATION
Πεδίο ελέγχου σταθερού μήκους 250528s ||||||||||||||||||||||||d
035 ## - SYSTEM CONTROL NUMBER
System control number 19344
020 ## - ISBN
ISBN 9603602434
040 ## - ΠΗΓΗ ΚΑΤΑΛΟΓΟΓΡΑΦΗΣΗΣ
Φορέας πρωτότυπης καταλογογράφησης MC Athens Campus Library
Γλώσσα καταλογογράφησης Ελληνικά, Μοντέρνα (1453-)
Modifying agency MC Athens Campus Library
Κανόνες περιγραφικής καταλογογράφησης AACR2
245 1# - ΤΙΤΛΟΣ ΚΑΙ ΔΗΛΩΣΗ ΥΠΕΥΘΥΝΟΤΗΤΑΣ
Τίτλος Το Παιδί - η Οικογένεια - το Σχολείο / Η Εκπαίδευση Σήμερα - Αύριο
260 ## - PUBLICATION, DISTRIBUTION, ETC.
Name of publisher, distributor, etc. Πατάκη,
Date of publication, distribution, etc. 1994
300 ## - PHYSICAL DESCRIPTION
Extent 268
520 ## - SUMMARY, ETC.
Summary, etc. Στο βιβλίο αυτό εξετάζονται οι διάφορες όψεις της ζωής του παιδιού στην οικογένεια του και στο σχολείο του μέσα σ'έναν κόσμο που διαρκώς αλλάζει, με ιδιαίτερη έμφαση στην ψυχαναλυτική προσέγγιση. Προλογικό Σημείωμα, Η Επιθυμία Απόκτησης Ενός Παιδιού, Το Βρέφος Πριν και Μετά τη Γέννηση Σύμφωνα με τις Ψυχαναλύσεις Γυναικών και Κυρίως Εγκύων, Η Συμβολή της Ψυχανάλυσης στη Διαπαιδαγώγηση του Παιδιού και τα Ορια της, Η Πρόληψη των Ψυχολογικών Διαταραχών στα Παιδιά των Πόλεων, Οι Παράγοντες Τύχης, Ο Κλινικός Ψυχίατρος Απολογητής της Ανάπτυξης του Παιδιού σύμφωνα με την Αλλαγή των Οικογενειακών Προτύπων, Οι Οικογένειες που Διατρέχουν Ψυχικό Κίνδυνο, Οι Τρείς Γενιές: Από το Θρύλο στο Σφετερισμό, Μια Διαφορετική Προσέγγιση του Πατρικού Ρόλου, Η Προβληματική της Σχολικής Επιτυχίας, Η Βία του Σχολικού Θεσμού, Γιατί Τιμωρούμε τα Παιδιά;, Αγόρια και Κορίτσια σε Ένα Μεταβαλλόμενο Κόσμο, Βιβλιογραφία.
700 1# - ΠΡΟΣΘΕΤΗ ΑΝΑΓΡΑΦΗ--ΦΥΣΙΚΟ ΠΡΟΣΩΠΟ
Personal name Σίλαν Κολέτ
9 (RLIN) 5595
942 ## - ADDED ENTRY ELEMENTS (KOHA)
Koha item type Books
Holdings
Τύπος τεκμηρίου Βιβλιοθήκη Τρέχουσα τοποθεσία Barcode Αριθμός εισαγωγής Ημερομηνία απόκτησης Ταξιθετικό σύμβολο Αριθμός αντιτύπου Κατάσταση απόσυρσης Κατάσταση χαμένου Κατάσταση κατεστραμμένου Μη δανεισμός Σύνολο δανεισμών Ημερομηνία τελευταίας εμφάνισης Η τιμή ισχύει από
Books MC Athens Campus Library MC Athens Campus Library 9780000046024 5381 05/06/2025 370.114 CHI 1           05/06/2025 05/06/2025

MC Athens Campus Library
Πατησίων 94 & Κοδριγκτώνος 13, 104 34
Πελλήνης 8 & Πατησίων 107, 112 51
Τ: +30 210 8899600

MC Thessaloniki Campus Library
Ίωνος Δραγούμη 21, 54625 | Ίωνος Δραγούμη 15, 54625
Τ: +30 2310 287779 – Τ: +30 2314 440300